00804nam a2200181 a 450000100100000000500170001000800410002704000250006808200150009310000340010824500560014226001460019830000200034449000260036483000330039095201820042399900170060500003422720200930070902.0110928s1959 ve 000 0 spa d aDO-SdBNPbspacBNPHU axxxxbG1661 aGallegos Ortiz, Rafael95964613aLa universidad y la libertad del pueblo dominicano. aMerida, Vezuela :bPublicaciones del Comité Pro-Liberación de Santo Domingo :bTalleres Gráficos de la Universidad de los Andes,c1959. a14 p. ;c24 cm.1 aEdiciones libertadn1 0aEdiciones libertadv1959647 001050718MOaGRbGRcCTd2011-09-28iLF1l0oxxxx G166p34227-10r2020-06-25w2020-06-25y1zPerteneció a la biblioteca personal de Carlos Larrazábal BlancoZNo se presta c33718d33718